[Event "ch-FRA Blitz Online Qual"]
[Site "Europe-Chess INT"]
[Date "2020.05.16"]
[Round "12"]
[White "Le Goff, Damien"]
[Black "Lamaze, Simon"]
[Result "0-1"]
[WhiteTitle "FM"]
[BlackTitle "CM"]
[WhiteElo "2281"]
[BlackElo "2185"]
[WhiteFideId "634808"]
[BlackFideId "36069264"]
[EventDate "2020.05.16"]

1. e4 c5 2. Nc3 a6 3. Nge2 e6 4. d4 cxd4 5. Nxd4 Qc7 6. Bd3 b5 7. O-O d6 8. Re1
Nf6 9. Kh1 Nbd7 10. f4 Bb7 11. Nf3 Be7 12. Qe2 O-O 13. e5 dxe5 14. fxe5 Nd5 15.
Qe4 g6 16. Qg4 Nxc3 17. bxc3 Bxf3 18. Qxf3 Nxe5 19. Qg3 Bd6 20. Bf4 Nc4 21. Bxd6
Qxd6 22. Qh4 Rac8 23. a4 Qc5 24. axb5 axb5 25. Ra6 Ra8 26. Rxa8 Rxa8 27. Qf6 Rf8
28. h3 Nb2 29. Be4 Na4 30. Rf1 Qxc3 31. Qh4 Qd4 32. Qe1 Nc5 33. Bf3 Rd8 34. Qb1
b4 35. Rd1 Qf6 36. Rxd8+ Qxd8 37. Qxb4 Qd6 38. c4 Kg7 39. Qc3+ e5 40. Bd5 f6 41.
Qa1 e4 42. Qa7+ Kh6 43. Qa3 f5 44. Qe3+ f4 45. Qe2 Qe5 46. Qf2 e3 47. Qh4+ Kg7
48. Qd8 e2 49. Qf8+ Kxf8 0-1

[Event "ch-FRA Blitz Online Qual"]
[Site "Europe-Chess INT"]
[Date "2020.05.16"]
[Round "12"]
[White "Shchekachev, Andrei"]
[Black "Lauron, Wesley"]
[Result "1-0"]
[WhiteTitle "GM"]
[WhiteElo "2533"]
[BlackElo "1878"]
[WhiteFideId "4107730"]
[BlackFideId "36012769"]
[EventDate "2020.05.16"]

1. e3 d5 2. Nf3 Nf6 3. c4 e6 4. b3 Be7 5. Bb2 O-O 6. g3 Nbd7 7. Bg2 b6 8. O-O
Bb7 9. Qe2 c5 10. Nc3 Rc8 11. d3 Re8 12. Rad1 Qc7 13. Nh4 dxc4 14. bxc4 Bxg2 15.
Nxg2 Ne5 16. f4 Nc6 17. g4 Red8 18. a3 Rd7 19. f5 e5 20. g5 Ne8 21. Nd5 Qd6 22.
Qg4 Nc7 23. f6 Bf8 24. fxg7 Bxg7 25. e4 Nxd5 26. cxd5 Nd4 27. Nh4 Rcc7 28. Bxd4
cxd4 29. Nf5 Qxa3 30. h4 a5 31. h5 Qf8 32. g6 Kh8 33. Rd2 fxg6 34. hxg6 Qe8 35.
Rh2 Kg8 36. Rxh7 Bf8 37. Qh5 1-0

[Event "ch-FRA Blitz Online Qual"]
[Site "Europe-Chess INT"]
[Date "2020.05.16"]
[Round "12"]
[White "Nasuta, Grzegorz"]
[Black "Emmenecker, Philippe"]
[Result "1-0"]
[WhiteTitle "GM"]
[WhiteElo "2558"]
[BlackElo "2100"]
[WhiteFideId "1141686"]
[BlackFideId "616273"]
[EventDate "2020.05.16"]

1. e4 e5 2. Nf3 Nc6 3. d4 exd4 4. Nxd4 Bc5 5. Nb3 Bb6 6. Nc3 Nf6 7. Bg5 h6 8.
Bh4 g5 9. Bg3 d6 10. Bb5 Bd7 11. Qe2 Qe7 12. O-O-O O-O-O 13. Rhe1 a6 14. Bxa6
bxa6 15. Qxa6+ Kb8 16. Bxd6 cxd6 17. Qxb6+ Ka8 18. Nb5 Ne8 19. Na5 Bc8 20. Nxc6 1-0

[Event "ch-FRA Blitz Online Qual"]
[Site "Europe-Chess INT"]
[Date "2020.05.16"]
[Round "12"]
[White "Calvo, Dylan"]
[Black "Degraeve, Remy"]
[Result "0-1"]
[BlackTitle "FM"]
[WhiteElo "2018"]
[BlackElo "2328"]
[WhiteFideId "36019410"]
[BlackFideId "26024560"]
[EventDate "2020.05.16"]

1. d4 d5 2. Nf3 Nf6 3. e3 e6 4. Bd3 Bd6 5. b3 O-O 6. Bb2 b6 7. O-O Bb7 8. Ne5
Nbd7 9. f4 Ne4 10. c4 f5 11. Nc3 Nxe5 12. fxe5 Bb4 13. Bxe4 dxe4 14. Qe2 f4 15.
a3 f3 16. gxf3 exf3 17. Qf2 Be7 18. d5 Bh4 19. Qd2 Qg5+ 20. Kh1 f2 21. Qd4 Qf5
22. Qf4 Qxf4 23. exf4 Rxf4 24. Rad1 Rd8 25. Rd3 Rf5 26. Ne2 exd5 27. cxd5 Rxd5 0-1

[Event "ch-FRA Blitz Online Qual"]
[Site "Europe-Chess INT"]
[Date "2020.05.16"]
[Round "12"]
[White "Bournel, Antoine"]
[Black "Calistri, Tristan"]
[Result "1-0"]
[BlackTitle "IM"]
[WhiteElo "2238"]
[BlackElo "2288"]
[WhiteFideId "26093553"]
[BlackFideId "607843"]
[EventDate "2020.05.16"]

1. d4 g6 2. e4 Bg7 3. Nf3 d6 4. Bc4 e6 5. Qe2 Nd7 6. O-O Ne7 7. Re1 a6 8. e5 d5
9. Bd3 c5 10. c3 Nc6 11. Be3 b5 12. Nbd2 Bb7 13. a4 c4 14. Bc2 b4 15. Bg5 Qa5
16. Qe3 h6 17. Bf6 Nxf6 18. exf6 Bxf6 19. Bxg6 fxg6 20. Qxe6+ Be7 21. Qxg6+ Kd8
22. Re6 bxc3 23. bxc3 Rc8 24. Rae1 Rc7 25. Qg7 Re8 26. Nh4 Qxc3 27. Ndf3 Rf8 28.
Ng6 Rxf3 29. Qg8+ Kd7 30. Nxe7 Nxd4 31. Nxd5 1-0

[Event "ch-FRA Blitz Online Qual"]
[Site "Europe-Chess INT"]
[Date "2020.05.16"]
[Round "12"]
[White "Kirk, Ezra"]
[Black "Bregnac, Tristan"]
[Result "0-1"]
[WhiteTitle "IM"]
[WhiteElo "2447"]
[BlackElo "2047"]
[WhiteFideId "600067"]
[BlackFideId "36017825"]
[EventDate "2020.05.16"]

1. e4 c5 2. Nf3 d6 3. Bb5+ Nd7 4. c3 Nf6 5. Qe2 a6 6. Ba4 b5 7. Bc2 Bb7 8. d4 e6
9. O-O Be7 10. a4 O-O 11. Re1 cxd4 12. cxd4 bxa4 13. Nc3 Nb6 14. h3 Rc8 15. Bd3
Qc7 16. Bf4 Nfd7 17. Rac1 Qd8 18. Red1 Re8 19. Bxa6 Bxa6 20. Qxa6 Ra8 21. Qb5 a3
22. bxa3 Rxa3 23. Qb1 Nf8 24. Nb5 Ra8 25. Nc7 Rb8 26. Qa2 Ng6 27. Nxe8 Nxf4 28.
Nc7 d5 29. exd5 exd5 30. Qd2 Ng6 31. Ne5 Bg5 32. Qa5 Bxc1 33. Rxc1 Nc4 34. Nxc4
dxc4 35. d5 Qd6 36. g3 Ne5 37. f4 Nd3 38. Rxc4 Rb1+ 39. Kg2 h6 40. Qa8+ Kh7 41.
Qc8 Qf6 42. h4 Rb2+ 43. Kf3 Ne5+ 44. Ke4 Nxc4 45. Ne8 Qe7+ 46. Kd4 Rd2+ 47. Kc3
Qe3+ 48. Kb4 Rb2+ 0-1

[Event "ch-FRA Blitz Online Qual"]
[Site "Europe-Chess INT"]
[Date "2020.05.16"]
[Round "12"]
[White "Guillemart, Serge"]
[Black "Loiseau, Quentin"]
[Result "1/2-1/2"]
[BlackTitle "IM"]
[WhiteElo "2107"]
[BlackElo "2457"]
[WhiteFideId "26015579"]
[BlackFideId "665274"]
[EventDate "2020.05.16"]

1. e4 e5 2. Nf3 Nc6 3. d4 exd4 4. Nxd4 Bc5 5. Be3 Qf6 6. Nb5 Bxe3 7. fxe3 Qh4+
8. g3 Qd8 9. Qg4 g6 10. Qf4 d6 11. Bc4 Ne5 12. O-O Bh3 13. N1c3 Bxf1 14. Rxf1 a6
15. Bxf7+ Kd7 16. Nd4 Nxf7 17. Qxf7+ Qe7 18. Nd5 Qxf7 19. Rxf7+ Ke8 20. Rxc7 Rd8
21. Rxb7 Rd7 22. Rb6 Kf7 23. Rxa6 Ne7 24. c4 Re8 25. Kf2 Rc8 26. b3 Kg7 27. Ke2
Rf8 28. Ne6+ Kf7 29. Nxf8 Kxf8 30. Nxe7 Kxe7 31. Kd3 Rd8 32. Ra7+ Ke6 33. Rxh7
Ra8 34. a4 Rb8 35. Kc3 Rf8 36. a5 Rf1 37. b4 Rc1+ 38. Kb3 Rb1+ 39. Ka4 Ke5 40.
b5 Ra1+ 41. Kb4 Kxe4 42. Re7+ Kd3 43. Re6 Rb1+ 44. Ka4 Kc3 45. b6 Rb4+ 46. Ka3
Rb3+ 47. Ka2 Rb2+ 48. Ka1 Rb4 49. Rxd6 Kc2 50. Rd2+ Kxd2 51. Ka2 Kc2 52. Ka3 Kc3
53. c5 Rb3+ 54. Ka4 Rb4+ 55. Ka3 Rb3+ 56. Ka4 Rb4+ 57. Ka3 1/2-1/2

[Event "ch-FRA Blitz Online Qual"]
[Site "Europe-Chess INT"]
[Date "2020.05.16"]
[Round "12"]
[White "Henry, Tony"]
[Black "Milliet, Sophie"]
[Result "0-1"]
[BlackTitle "IM"]
[WhiteElo "1979"]
[BlackElo "2401"]
[WhiteFideId "622427"]
[BlackFideId "623725"]
[EventDate "2020.05.16"]

1. e4 c5 2. Nf3 e6 3. c3 Nf6 4. e5 Nd5 5. d4 cxd4 6. cxd4 d6 7. Nc3 Nxc3 8. bxc3
Qc7 9. Bb2 Be7 10. Bd3 Nd7 11. Qe2 dxe5 12. dxe5 b6 13. O-O Bb7 14. Rfe1 O-O 15.
Rad1 Nc5 16. Bb1 Rfd8 17. Qc2 g6 18. Nd4 Rd5 19. f4 Rad8 20. c4 R5d7 21. Qe2 Ba8
22. Nb5 Qb7 23. f5 Rxd1 24. Rf1 Rxf1+ 25. Qxf1 Rd1 0-1

[Event "ch-FRA Blitz Online Qual"]
[Site "Europe-Chess INT"]
[Date "2020.05.16"]
[Round "12"]
[White "Daulyte-Cornette, Deimante"]
[Black "Poulet, Benoit"]
[Result "1-0"]
[WhiteTitle "IM"]
[WhiteElo "2400"]
[BlackElo "2094"]
[WhiteFideId "12802859"]
[BlackFideId "26085844"]
[EventDate "2020.05.16"]

1. e4 c5 2. Nc3 Nc6 3. Bb5 Nd4 4. Nf3 a6 5. Bd3 Nf6 6. e5 Ng8 7. Nxd4 cxd4 8.
Ne2 Qb6 9. b3 d6 10. exd6 Qxd6 11. Bb2 e5 12. f4 f6 13. O-O Bd7 14. fxe5 fxe5
15. Ng3 Nf6 16. Ne4 Nxe4 17. Bxe4 O-O-O 18. Qf3 Bc6 19. a4 Be7 20. Ba3 Bxe4 21.
Qxe4 Qe6 22. Bxe7 Qxe7 23. Rf5 Rhe8 24. Raf1 Rd7 25. Re1 Qb4 26. Rxe5 Rxe5 27.
Qxe5 Qxd2 28. Qc5+ Kd8 29. Qb6+ Rc7 30. Qd6+ Kc8 31. Re8# 1-0

[Event "ch-FRA Blitz Online Qual"]
[Site "Europe-Chess INT"]
[Date "2020.05.16"]
[Round "12"]
[White "Labrande, Theodore"]
[Black "Batsiashvili, Nino"]
[Result "0-1"]
[BlackTitle "GM"]
[WhiteElo "2077"]
[BlackElo "2457"]
[WhiteFideId "36045780"]
[BlackFideId "13602993"]
[EventDate "2020.05.16"]

1. e4 c6 2. Nc3 d5 3. Nf3 dxe4 4. Nxe4 Nf6 5. Nxf6+ exf6 6. d4 Bd6 7. c3 O-O 8.
g3 Re8+ 9. Be3 Nd7 10. Bg2 Nf8 11. O-O Bg4 12. Qd3 Qd7 13. Nh4 Ng6 14. Nxg6 hxg6
15. Rae1 Bh3 16. Bd2 Bxg2 17. Kxg2 g5 18. Qf3 g4 19. Qd1 Qf5 20. Be3 Qh5 21. Rh1
Qh3+ 22. Kg1 f5 23. f4 Re6 24. Bf2 Rae8 25. Rxe6 Rxe6 26. Qd3 Re4 27. Qf1 a5 28.
Qxh3 gxh3 29. Kf1 f6 30. Be1 g5 31. fxg5 fxg5 32. Kf2 f4 33. Kf3 Re3+ 34. Kg4
fxg3 35. Bxg3 Bxg3 36. hxg3 Re2 37. Kxg5 h2 38. Kg6 Rg2 39. Kf5 Rxb2 40. a3 Kg7
41. g4 b5 42. Re1 Rg2 43. Rh1 Kf7 44. Ke5 Kg6 45. Kd6 Rc2 46. Kxc6 b4 47. axb4
axb4 48. c4 b3 49. c5 b2 50. d5 Rc1 51. Rxh2 b1=Q 52. Re2 Qd3 53. Re6+ Kg5 54.
Kd6 Qa3 55. Kd7 Qxc5 56. d6 Rd1 57. Ke7 Qa7+ 58. Ke8 Qb8+ 59. Ke7 Qb7+ 60. Ke8
Kxg4 61. Re7 Qc8+ 62. Kf7 Rxd6 63. Re4+ Kf3 64. Re7 Rd7 65. Kg6 0-1

[Event "ch-FRA Blitz Online Qual"]
[Site "Europe-Chess INT"]
[Date "2020.05.16"]
[Round "12"]
[White "Le Goff, Ronan"]
[Black "Gautier, Nathan"]
[Result "1-0"]
[WhiteTitle "FM"]
[WhiteElo "2267"]
[BlackElo "2064"]
[WhiteFideId "612073"]
[BlackFideId "26093030"]
[EventDate "2020.05.16"]

1. d4 Nf6 2. Nf3 g6 3. Nc3 d5 4. Bf4 c6 5. e3 Bg7 6. Be2 O-O 7. h4 h5 8. Qd2 Qa5
9. Ne5 Nbd7 10. O-O Nxe5 11. Bxe5 Bf5 12. Rfd1 b5 13. Nxd5 Qxd2 14. Nxe7+ Kh7
15. Rxd2 Be4 16. f3 Rfe8 17. fxe4 Rxe7 18. Bf3 Ng4 19. Bxg7 Kxg7 20. Bxg4 hxg4
21. e5 g3 22. Rf1 Rh8 23. Rf3 Rxh4 24. Rxg3 Re4 25. c3 a5 26. Rf2 b4 27. Rf4
Rxf4 28. exf4 Rb7 29. b3 c5 30. dxc5 Rc7 31. c4 Rxc5 32. Rd3 f6 33. e6 Rc7 34.
Rd7+ 1-0

[Event "ch-FRA Blitz Online Qual"]
[Site "Europe-Chess INT"]
[Date "2020.05.16"]
[Round "12"]
[White "Materia, Marco"]
[Black "Bailly, Thierry"]
[Result "0-1"]
[WhiteTitle "FM"]
[WhiteElo "2269"]
[BlackElo "1989"]
[WhiteFideId "45150451"]
[BlackFideId "26051680"]
[EventDate "2020.05.16"]

1. d4 Nf6 2. c4 e6 3. Nf3 d5 4. Nc3 Bb4 5. cxd5 exd5 6. Bg5 Nc6 7. e3 h6 8. Bxf6
Qxf6 9. Bd3 Bg4 10. O-O Bxc3 11. bxc3 O-O 12. Rb1 Rab8 13. h3 Bf5 14. Rb5 Bxd3
15. Qxd3 Qe6 16. Rfb1 b6 17. Nd2 Na5 18. Rc1 c6 19. Rbb1 Rfc8 20. c4 dxc4 21.
Nxc4 Nxc4 22. Qxc4 Qxc4 23. Rxc4 Rb7 24. Rbc1 Rbc7 25. Kf1 Kf8 26. Ke2 Ke7 27.
e4 Kd6 28. Ke3 Re7 29. Kd3 Rec7 30. f4 f6 31. g4 c5 32. d5 Re7 33. Re1 Rce8 34.
Rc2 b5 35. Rb2 a6 36. a4 Rb8 37. axb5 axb5 38. Ra1 Reb7 39. h4 h5 40. g5 f5 41.
Ra6+ Rb6 42. Ra7 R8b7 43. Rxb7 Rxb7 44. Ra2 fxe4+ 45. Kxe4 Re7+ 46. Kf5 Kxd5 47.
Kg6 b4 48. f5 b3 49. Ra8 Rb7 50. Ra1 b2 51. Rd1+ Kc4 52. Rb1 Kd3 53. f6 gxf6 54.
gxf6 Kc2 55. Rxb2+ Kxb2 56. Kxh5 c4 57. Kg6 c3 58. f7 Rxf7 59. Kxf7 c2 60. h5
c1=Q 61. Kg7 Qg5+ 62. Kh7 Qxh5+ 63. Kg7 Qa5 64. Kf6 Qa6+ 65. Ke5 Kc3 66. Ke4
Qc4+ 67. Ke5 Kd3 68. Kd6 Qb5 69. Ke6 Ke4 70. Kd6 Qb6+ 71. Ke7 Ke5 72. Kf7 Qf6+
73. Ke8 Qg7 74. Kd8 Kd6 75. Ke8 Qg8# 0-1

[Event "ch-FRA Blitz Online Qual"]
[Site "Europe-Chess INT"]
[Date "2020.05.16"]
[Round "12"]
[White "Hejazipour, Mitra"]
[Black "Zienkiewicz, Alexandre"]
[Result "1-0"]
[WhiteTitle "WGM"]
[WhiteElo "2300"]
[BlackElo "2049"]
[WhiteFideId "12505951"]
[BlackFideId "20610327"]
[EventDate "2020.05.16"]

1. Nf3 Nf6 2. d4 e6 3. c4 d5 4. Nc3 c5 5. cxd5 exd5 6. g3 Nc6 7. Bg2 Be7 8. O-O
O-O 9. dxc5 Bxc5 10. Na4 Be7 11. Be3 h6 12. h3 Be6 13. Nd4 Qd7 14. Kh2 b6 15.
Rc1 Rac8 16. Nc3 Ne5 17. Nxe6 fxe6 18. Bf4 Ng6 19. Be3 Bc5 20. Bd4 Bxd4 21. Qxd4
Rfd8 22. f4 Ne7 23. Rfd1 Nf5 24. Qe5 Ne7 25. Qe3 Nf5 26. Qf2 Qe7 27. e4 dxe4 28.
Nxe4 Nxe4 29. Bxe4 Rxc1 30. Rxc1 Qb4 31. Re1 Rd2 32. Re2 Rxe2 33. Qxe2 Qd4 34.
Bg2 Ne3 35. Bf3 e5 36. fxe5 Qxe5 37. b3 Qd4 38. Bh1 a5 39. Bf3 Kh8 40. Bh1 Kg8
41. Bf3 Kh7 42. Bg2 g6 43. Qf3 Kg7 44. Qb7+ Kf6 45. Qc6+ Kg7 46. Qc7+ Kf6 47.
Qb8 h5 48. Qh8+ 1-0

[Event "ch-FRA Blitz Online Qual"]
[Site "Europe-Chess INT"]
[Date "2020.05.16"]
[Round "12"]
[White "Babaud, Antoine"]
[Black "Song, Julien"]
[Result "0-1"]
[BlackTitle "IM"]
[WhiteElo "1943"]
[BlackElo "2306"]
[WhiteFideId "45185484"]
[BlackFideId "659487"]
[EventDate "2020.05.16"]

1. d4 Nf6 2. c4 e6 3. Nc3 Bb4 4. Qc2 d5 5. cxd5 Qxd5 6. Nf3 Qf5 7. Qxf5 exf5 8.
e3 c6 9. Bd3 g6 10. O-O Nbd7 11. a3 Be7 12. b4 a6 13. Bb2 Nb6 14. Rfe1 O-O 15.
Rad1 Be6 16. Ng5 Bc4 17. Nf3 Bxd3 18. Rxd3 Nc4 19. Bc1 a5 20. b5 Bxa3 21. Bxa3
Nxa3 22. bxc6 bxc6 23. Ne5 Ra6 24. Na4 Nc2 25. Rc1 Nb4 26. Ra3 Nfd5 27. Nc5 Ra7
28. Rca1 Rfa8 29. Ra4 f6 30. Nc4 Nc2 31. R1a2 Ndb4 32. Rb2 f4 33. exf4 Nxd4 34.
g3 Ndc2 35. Nd3 Nxd3 36. Rxc2 Nc5 37. Ra1 a4 38. Na3 Nb3 39. Rd1 c5 40. Rd3 Rb7
41. Rdc3 Rb4 42. Rc4 Kg7 43. Kf1 h5 44. Ke2 Rd8 45. Ke3 Re8+ 46. Kd3 Re1 47. Kc3
Rb8 48. Rxa4 Nd4 49. Rd2 Rc1+ 50. Kd3 Rb3+ 51. Ke4 Rcc3 52. Kd5 Rxa3 53. Rxa3
Rxa3 54. Kxc5 Nf3 55. Rd6 Nxh2 56. Rd2 f5 57. Kd5 Ng4 58. Ke6 Rf3 59. Rd7+ Kh6
60. Kf7 Ra3 61. Rd6 Ra7+ 62. Ke6 Nxf2 63. Ke5 Ne4 64. Rf6 Nxg3 65. Rc6 h4 66.
Kd4 Nh5 67. Ke3 Re7+ 68. Kf3 Re4 69. Rc8 Rxf4+ 70. Kg2 Kg5 71. Rc3 Nf6 72. Kh3
Ra4 73. Re3 Ne4 74. Rf3 Kf6 75. Rb3 Ng5+ 76. Kh2 Ra2+ 77. Kg1 h3 78. Rc3 Kg7 79.
Rb3 Kh6 80. Rc3 Kh5 81. Rb3 Kh4 82. Rc3 Ne4 83. Rf3 Rg2+ 84. Kh1 Ng3+ 85. Rxg3
Rxg3 86. Kh2 Rg2+ 87. Kh1 Ra2 88. Kg1 Kg3 89. Kf1 h2 0-1

[Event "ch-FRA Blitz Online Qual"]
[Site "Europe-Chess INT"]
[Date "2020.05.16"]
[Round "12"]
[White "Le Huec, Marc"]
[Black "Burgalat, Eliot"]
[Result "1-0"]
[WhiteElo "2213"]
[BlackElo "1963"]
[WhiteFideId "624829"]
[BlackFideId "36068659"]
[EventDate "2020.05.16"]

1. d4 e6 2. c4 Nf6 3. Nc3 d5 4. cxd5 exd5 5. Bg5 Be7 6. e3 O-O 7. Bd3 c6 8. Qc2
h6 9. Bh4 Re8 10. Nge2 Ne4 11. Bxe7 Qxe7 12. O-O Bf5 13. Rab1 Na6 14. a3 Nc7 15.
b4 a6 16. Na4 Nb5 17. Ra1 Qc7 18. f3 Ned6 19. Bxf5 Nxf5 20. Qxf5 Rxe3 21. Ng3
Nxd4 22. Qg4 Qe5 23. Nc5 Nc2 24. Rac1 Nxa3 25. Nxb7 Nc4 26. Na5 Nxa5 27. bxa5
Rc3 28. Rce1 Qd6 29. Qxg7+ Kxg7 30. Nf5+ Kf6 31. Nxd6 Ra3 32. Nb7 Rb8 33. Rb1
Ke7 34. Rfc1 c5 35. Nxc5 Rxb1 36. Rxb1 Rxa5 37. Nd3 Ra3 38. Nb4 d4 39. Nc6+ Kd6
40. Nxd4 Kd5 41. Nf5 h5 42. Ng3 h4 43. Nf1 a5 44. Nd2 a4 45. Kf2 Ra2 46. Ke3 f5
47. g3 hxg3 48. hxg3 a3 49. Rb3 Kc5 50. Nb1 Rb2 51. Rxb2 axb2 52. Kd3 Kb4 53.
Kc2 Kc4 54. Kxb2 Kd4 55. Kc2 Ke3 56. Nd2 Kf2 57. Kd3 Kxg3 58. Ke3 f4+ 59. Ke4
Kh4 60. Kxf4 Kh5 61. Kf5 Kh6 62. f4 Kg7 63. Ke5 Kf7 64. f5 Ke7 65. f6+ Kf8 66.
Ke6 Ke8 67. f7+ Kf8 68. Nc4 Kg7 69. Ke7 Kh7 70. f8=Q Kg6 71. Qf6+ Kh7 72. Qg5
Kh8 73. Kf7 Kh7 74. Qg7# 1-0

[Event "ch-FRA Blitz Online Qual"]
[Site "Europe-Chess INT"]
[Date "2020.05.16"]
[Round "12"]
[White "Macqueron, Gregory"]
[Black "Navrotescu, Andreea-Cristiana"]
[Result "0-1"]
[BlackTitle "WIM"]
[WhiteElo "1927"]
[BlackElo "2284"]
[WhiteFideId "551004240"]
[BlackFideId "675946"]
[EventDate "2020.05.16"]

1. e4 c5 2. Nc3 Nc6 3. f4 e6 4. Nf3 Nf6 5. g3 d5 6. e5 Ng8 7. Bg2 h5 8. h3 Nge7
9. O-O Nf5 10. Kh2 b6 11. a3 Bb7 12. Ne2 d4 13. Ng5 Be7 14. Ne4 g5 15. d3 gxf4
16. Bxf4 Qd7 17. Qd2 O-O-O 18. b4 cxb4 19. axb4 Bxb4 20. Qc1 a5 21. Nf6 Qc7 22.
c3 dxc3 23. Nxc3 Nfd4 24. Nfe4 Kb8 25. Rb1 Ba6 26. Nd6 Bxd3 27. Rxb4 Nxb4 28.
Rd1 Nf5 29. Qb2 Qc5 30. Rxd3 Nxd3 31. Na4 Nxb2 32. Nxc5 bxc5 33. Nxf7 a4 34.
Nxh8 Rxh8 35. Bc1 a3 0-1

[Event "ch-FRA Blitz Online Qual"]
[Site "Europe-Chess INT"]
[Date "2020.05.16"]
[Round "12"]
[White "Pucher, Sebastien"]
[Black "Goulesque, Camille"]
[Result "1-0"]
[WhiteTitle "FM"]
[WhiteElo "2322"]
[BlackElo "1899"]
[WhiteFideId "627232"]
[BlackFideId "26086140"]
[EventDate "2020.05.16"]

1. b3 e5 2. Bb2 f6 3. e4 c6 4. d4 Bb4+ 5. c3 Ba5 6. dxe5 fxe5 7. Qh5+ Kf8 8.
Qxe5 Bc7 9. Qd4 Nf6 10. c4 d6 11. Nf3 Nbd7 12. Nbd2 Qe7 13. Be2 Ng4 14. O-O Nge5
15. Rad1 Bb6 16. Qc3 Ke8 17. Nd4 Nf6 18. Kh1 Bd7 19. Rde1 Kd8 20. f4 Neg4 21.
Bxg4 Nxg4 22. e5 Qh4 23. N2f3 Nf2+ 24. Kg1 1-0

[Event "ch-FRA Blitz Online Qual"]
[Site "Europe-Chess INT"]
[Date "2020.05.16"]
[Round "12"]
[White "Gherghinoiu, Lucas"]
[Black "Bouget, Alexandre"]
[Result "1-0"]
[BlackTitle "FM"]
[WhiteElo "2089"]
[BlackElo "2238"]
[WhiteFideId "36051462"]
[BlackFideId "681318"]
[EventDate "2020.05.16"]

1. b3 e5 2. Bb2 Nc6 3. g3 g6 4. Bg2 Bg7 5. d3 d6 6. Nd2 Nge7 7. e3 O-O 8. Ne2
Be6 9. O-O Qd7 10. a3 Bh3 11. f4 Bxg2 12. Kxg2 Nf5 13. Rf3 Nxe3+ 14. Rxe3 exf4
15. Bxg7 fxe3 16. Bxf8 Rxf8 17. Ne4 f5 18. Ng5 Ne5 19. d4 Ng4 20. Nf4 Re8 21.
Qe2 Re4 22. Nxe4 fxe4 23. h3 Nf6 24. Qxe3 Qc6 25. c4 b5 26. d5 Qa6 27. Qd4 Nd7
28. Qxe4 Ne5 29. Nd3 bxc4 30. Nxe5 dxe5 31. bxc4 Qxa3 32. Rxa3 1-0

[Event "ch-FRA Blitz Online Qual"]
[Site "Europe-Chess INT"]
[Date "2020.05.16"]
[Round "12"]
[White "Sesia, Noah"]
[Black "Maisuradze, Nino"]
[Result "1-0"]
[BlackTitle "WGM"]
[WhiteElo "1822"]
[BlackElo "2214"]
[WhiteFideId "26066904"]
[BlackFideId "13601717"]
[EventDate "2020.05.16"]

1. d4 d5 2. Bf4 Nf6 3. e3 c6 4. Bd3 Bg4 5. Ne2 e6 6. Nd2 Bd6 7. f3 Bh5 8. O-O
Bg6 9. Bxd6 Qxd6 10. e4 dxe4 11. fxe4 e5 12. Nc4 Qe6 13. dxe5 Nxe4 14. Bxe4 Qxc4
15. Bxg6 hxg6 16. Nf4 g5 17. Nh5 O-O 18. Rf5 Qh4 19. e6 g6 20. Nf6+ Kg7 21. e7
gxf5 22. Nh5+ Qxh5 23. exf8=Q+ Kxf8 24. Qxh5 Nd7 25. Qh8+ Ke7 26. Qxa8 1-0

[Event "ch-FRA Blitz Online Qual"]
[Site "Europe-Chess INT"]
[Date "2020.05.16"]
[Round "12"]
[White "Coutton, Sylvain"]
[Black "Zeller, Thomas"]
[Result "1-0"]
[WhiteElo "2185"]
[BlackElo "1792"]
[WhiteFideId "610194"]
[BlackFideId "26057069"]
[EventDate "2020.05.16"]

1. d4 d5 2. c4 c6 3. Nf3 Nf6 4. Nc3 dxc4 5. a4 Bf5 6. Nh4 Bc8 7. e3 e6 8. Bxc4
Bb4 9. O-O O-O 10. Nf3 Nbd7 11. Qc2 Re8 12. e4 e5 13. Bxf7+ Kxf7 14. Qb3+ Kf8
15. Qxb4+ Qe7 16. Qxe7+ Rxe7 17. dxe5 Nxe5 18. Nxe5 Rxe5 19. Bf4 Re8 20. Rfe1
Be6 21. Rad1 Rad8 22. f3 Bb3 23. Rxd8 Rxd8 24. Kf2 Nd7 25. Bc7 Rc8 26. Bd6+ Kf7
27. Re2 Nb6 28. e5 Re8 29. Re4 Nc4 30. Bc7 Nxb2 31. a5 Nd3+ 32. Ke3 Nc5 33. Rf4+
Ke6 34. Rh4 h6 35. Rg4 g5 36. h4 Kf5 37. hxg5 hxg5 38. Bd6 Ne6 39. Ne4 Nf4 40.
g3 Nd5+ 41. Kf2 Bc2 42. Rxg5+ Ke6 43. Rg6+ Kd7 44. Rg7+ Kc8 45. Ng5 c5 46. f4 c4
47. Ke2 Bd3+ 48. Kd2 Nb4 49. Rc7+ Kb8 50. Rxc4+ 1-0

[Event "ch-FRA Blitz Online Qual"]
[Site "Europe-Chess INT"]
[Date "2020.05.16"]
[Round "12"]
[White "Daurelle, Herve"]
[Black "Moracchini, Margaux"]
[Result "0-1"]
[WhiteTitle "FM"]
[WhiteElo "2205"]
[BlackElo "1933"]
[WhiteFideId "602655"]
[BlackFideId "36018198"]
[EventDate "2020.05.16"]

1. e4 c5 2. Nf3 d6 3. d4 cxd4 4. Nxd4 Nf6 5. Nc3 g6 6. Be3 Bg7 7. f3 a6 8. Bc4
b5 9. Bb3 Bb7 10. Qd2 h5 11. O-O-O Nbd7 12. h3 Rc8 13. g4 Ne5 14. g5 Nfd7 15. f4
Nc4 16. Bxc4 Rxc4 17. Rhf1 b4 18. Nd5 Qa5 19. Kb1 Nc5 20. Nb3 Nxb3 21. axb3 Rxe4
22. Bb6 Qxd5 23. Qxd5 Bxd5 24. Rxd5 O-O 25. f5 gxf5 26. Rdxf5 e6 27. Ra5 Rh4 28.
Rh1 Ra8 29. Bf2 Rf4 30. Bg3 Rd4 31. Kc1 d5 32. Rd1 Re4 33. Rc5 Kh7 34. h4 Kg6
35. Be1 Ra7 36. Rc6 Be5 37. c3 Bf4+ 0-1

[Event "ch-FRA Blitz Online Qual"]
[Site "Europe-Chess INT"]
[Date "2020.05.16"]
[Round "12"]
[White "Defromont, Benjamin"]
[Black "Alif, Yassine"]
[Result "1-0"]
[WhiteTitle "FM"]
[WhiteElo "2236"]
[BlackElo "1874"]
[WhiteFideId "36068829"]
[BlackFideId "45107203"]
[EventDate "2020.05.16"]

1. e4 c5 2. Nf3 Nc6 3. Bb5 g6 4. O-O Bg7 5. Re1 e5 6. b4 d6 7. Bb2 Qc7 8. Nc3
Ne7 9. Nd5 Nxd5 10. exd5 a6 11. dxc6 axb5 12. bxc5 O-O 13. cxd6 Qxd6 14. Bxe5
Qxc6 15. Bxg7 Kxg7 16. Qc1 Qf6 17. d4 Bg4 18. Ne5 Bf5 19. Qb2 Rfc8 20. c3 Qa6
21. h4 Be6 22. a3 Qa5 23. Re3 f6 24. Nf3 Bf7 25. h5 Rc7 26. Nd2 Rac8 27. Ne4 Bd5
28. Nd6 Rd8 29. Ne8+ Rxe8 30. Rxe8 Qxc3 31. Re7+ Kg8 32. Qxc3 Rxc3 33. hxg6 hxg6
34. a4 b4 35. Rd7 Bc6 36. Rd8+ Kf7 37. d5 Be8 38. Rb8 Rc7 39. d6 Rd7 40. a5 Rxd6
41. Rxb7+ Ke6 42. Rxb4 Bc6 43. a6 Bd5 44. a7 Rd8 45. Rb8 1-0